| 000 | 00941cam a2200241 i 4500 | ||
|---|---|---|---|
| 001 | 61921 | ||
| 005 | 20180714063735.0 | ||
| 008 | 140415s2011 mx a r 000 0 spa d | ||
| 020 | _a9786070229152 | ||
| 040 |
_aMX-PuUPA _bspa _erda _cMx-PuUPA _dMx-PuUPA |
||
| 041 | _aspa | ||
| 082 | 0 |
_a305.8924072 _bMEM |
|
| 245 | 0 | 3 |
_aLa memoria archivada : _blos judíos en la configuración del México plural / _cAlicia Gojman de Backal, coordinadora. |
| 250 | _aPrimera edición | ||
| 264 | 1 |
_aNaucalpan, Estado de México : _bUniversidad Nacional Autónoma de México, Facultad de Estudios Superiores de Acatlán, _c2011 |
|
| 300 |
_a355 páginas : _bilustraciones ; _c21 cm. |
||
| 336 |
_atexto _2rdacontent |
||
| 337 |
_asin mediación _2rdamedia |
||
| 338 |
_avolume _2rdacarrier |
||
| 650 | 4 |
_aJudíos _zMéxico _xHistoria _ySiglo XX |
|
| 650 | 4 |
_aJudíos _xMigraciones |
|
| 700 | 1 |
_aBackal, Alicia G. de _q(Alicia Gojman) _eeditor |
|
| 999 |
_c61921 _d61921 |
||